000
00305nam a2200121Ia 4500
008
220901s9999||||xx |||||||||||||| ||und||
082
_a
003 PRA
100
_a
Prasad J.B
245
0
_a
ACCST research journal
250
_a
Vol. 2 Issue 1, 2 & 3
260
_b
Prasad J.B
_c
2004
650
_a
Computer science
999
_c
193959
_d
193959